| 000 | 00650nam a2200229 a 4500 | ||
|---|---|---|---|
| 003 | MX-MxUPN | ||
| 005 | 20240820184542.0 | ||
| 008 | 991125s1911 mx # r 000 0 spa d | ||
| 035 | _aUPN01000034069 | ||
| 040 |
_aMX-MxUPN _bspa _cMX-MxUPN |
||
| 041 | 0 | _aspa | |
| 050 | 1 | 4 |
_aPC4135 _bQ54 1911 |
| 100 | 1 |
_aQuiros, Antonio _952998 |
|
| 245 | 1 | 0 | _aLecciones de ortología |
| 250 |
_a25a edición _bcorregida, aumentada y arreglada |
||
| 260 |
_aMéxico : _bAntigua Imprenta de Murguía, _c1911. |
||
| 300 | _a31 páginas | ||
| 650 | 4 |
_aEspañol _xFonología _916834 |
|
| 902 | _bMaríaRobles/2000824 | ||
| 905 | _aLibro | ||
| 942 |
_2lcc _cLIBRO _n0 |
||
| 999 |
_c34069 _d34069 |
||